Online
Catalog

Sistema y filosofía del derecho internacional privado : (Record no. 13612)

MARC details
000 -CABECERA
campo de control de longitud fija 00671cam a2200181 a 4500
001 - NÚMERO DE CONTROL
campo de control 000014008
005 - FECHA Y HORA DE LA ÚLTIMA TRANSACCIÓN
campo de control 20240508200520.0
008 - DATOS DE LONGITUD FIJA--INFORMACIÓN GENERAL
campo de control de longitud fija 840926s1954 ag b 001 0 spa
040 ## - FUENTE DE LA CATALOGACIÓN
Centro catalogador/agencia de origen DO-SdBNP
Lengua de catalogación spa
Centro/agencia transcriptor BNPHU
082 ## - NÚMERO DE LA CLASIFICACIÓN DECIMAL DEWEY
Número de clasificación 341
Número de documento/Ítem G623s, 1954
100 1# - ENTRADA PRINCIPAL--NOMBRE DE PERSONA
Nombre de persona Goldschmidt, Werner.
9 (RLIN) 31692
245 10 - MENCIÓN DE TÍTULO
Título Sistema y filosofía del derecho internacional privado :
Resto del título con especial consideracion del de España y de la América Luso-Hispánica /
Mención de responsabilidad, etc. Werner Goldschmidt.
250 ## - MENCIÓN DE EDICIÓN
Mención de edición 2a ed.
260 ## - PUBLICACIÓN, DISTRIBUCIÓN, ETC.
Lugar de publicación, distribución, etc. Buenos Aires :
Nombre del editor, distribuidor, etc. Juridicas Europa-América,
Fecha de publicación, distribución, etc. 1954.
300 ## - DESCRIPCIÓN FÍSICA
Extensión 2v. ;
Dimensiones 23 cm.
650 #0 - PUNTO DE ACCESO ADICIONAL DE MATERIA--TÉRMINO DE MATERIA
Término de materia o nombre geográfico como elemento de entrada Derecho internacional
9 (RLIN) 3258
650 #4 - PUNTO DE ACCESO ADICIONAL DE MATERIA--TÉRMINO DE MATERIA
Término de materia o nombre geográfico como elemento de entrada Derecho internacional privado
Subdivisión geográfica España
9 (RLIN) 31693
Holdings
Estado de retiro Estado de pérdida Restricciones de uso No para préstamo Código de colección Localización permanente Ubicación/localización actual Ubicación en estantería Fecha de adquisición Número de inventario Total de préstamos Signatura topográfica completa Código de barras Fecha visto por última vez Precio válido a partir de Tipo de ítem Koha
    Préstamo interno   Monografías: Libros y Folletos General General En catalogación 02.12.2009 LF1   341 G623s, 1954 14008-10 25.06.2020 25.06.2020 Préstamo interno

Powered by Koha